La llama pensativa

Uloženo v:
Podrobná bibliografie
Hlavní autor: Ribera Chevremont, Evaristo
Médium: Kniha
Jazyk:Undetermined
Vydáno: San Juan, Puerto Rico Venezuela 1955
Témata:
Tagy: Přidat tag
Žádné tagy, Buďte první, kdo vytvoří štítek k tomuto záznamu!

MARC

LEADER 00000nam a2200000Ia 4500
008 170316s9999 xx 000 0 und d
040 |a cru BVZT 
090 |a 860 R-8L 
100 |a Ribera Chevremont, Evaristo 
245 |a La llama pensativa 
260 |a San Juan, Puerto Rico 
260 |b Venezuela 
260 |c 1955 
300 |a 67 páginas 
650 |a LITERATURA LATINOAMERICANA 
999 |c 9190  |d 9190 
942 |c 15 D  |h 860 R-8L  |2 z